Statistics for Greatest NBA Shooting Guards of All Time

Click here to take the quiz!

General Stats

  • This quiz has been taken 904 times
    (789 since last reset)
  • The average score is 5 of 10

Answer Stats

RankSG% Correct
1Michael Jordan
96%
2Kobe Bryant
92%
4Dwyane Wade
73%
6James Harden
63%
3Jerry West
55%
8Clyde Drexler
46%
7George Gervin
31%
9Pete Maravich
18%
10Sam Jones
15%
5Allen Iverson
12%

Score Distribution

Percentile by Number Answered

Percent of People with Each Score

Your Score History

You have not taken this quiz since the last reset